Eastern Utah Libraries Catalog: Duchesne, Heber, Roosevelt, & Vernal

Birds like us (Record no. 369731)

MARC details
000 -LEADER
fixed length control field 02668cgm a2200625Ki 4500
001 - CONTROL NUMBER
control field 1287024841
003 - CONTROL NUMBER IDENTIFIER
control field OCoLC
005 - DATE AND TIME OF LATEST TRANSACTION
control field 20231122132736.0
007 - PHYSICAL DESCRIPTION FIXED FIELD--GENERAL INFORMATION
fixed length control field vd cvaizq
008 - FIXED-LENGTH DATA ELEMENTS--GENERAL INFORMATION
fixed length control field 211202s2022 cau083 j vaeng d
024 1# - OTHER STANDARD IDENTIFIER
Standard number or code 031398331414
028 42 - PUBLISHER NUMBER
Publisher number A059600
Source Anchor Bay
035 ## - SYSTEM CONTROL NUMBER
System control number (OCoLC)1287024841
037 ## - SOURCE OF ACQUISITION
Source of stock number/acquisition Midwest Tape
Note http://www.midwesttapes.com
040 ## - CATALOGING SOURCE
Original cataloging agency TEFMT
Language of cataloging eng
Description conventions rda
Transcribing agency TEFMT
Modifying agency TEF
-- OCLCF
-- SO$
041 1# - LANGUAGE CODE
Language code of text/sound track or separate title eng
Language code of original and/or intermediate translations of text eng
046 ## - SPECIAL CODED DATES
Beginning or single date created 2017
Source of date edtf
050 #4 - LIBRARY OF CONGRESS CALL NUMBER
Classification number PN1997.2
Item number .B57 2022
082 04 - DEWEY DECIMAL CLASSIFICATION NUMBER
Classification number 791.43/72
Edition number 23
092 ## - LOCALLY ASSIGNED DEWEY CALL NUMBER (OCLC)
Classification number B
245 00 - TITLE STATEMENT
Title Birds like us
250 ## - EDITION STATEMENT
Edition statement Widescreen version.
260 ## - PUBLICATION, DISTRIBUTION, ETC. (IMPRINT)
Name of publisher, distributor, etc produced by Adnan Cuhara ; written by Faruk Šabanovic, Olivia Hetreed ; directed by Faruk Šabanovic.
264 #1 - Production, Publication, Distribution, Manufacture, and Copyright Notice.
Place of production, publication, distribution, manufacture [Santa Monica, California] :
Name of producer, publisher, distributor, manufacturer Lionsgate,
Date of production, publication, distribution, manufacture, or copyr [2022]
300 ## - PHYSICAL DESCRIPTION
Extent 1 videodisc (83 min.) :
Other physical details sound, color ;
Dimensions 4 3/4 in.
336 ## - Content Type
Content type term two-dimensional moving image
337 ## - Media type
Media type term video
338 ## - Carrier type
Carrier type term videodisc
500 ## - GENERAL NOTE
General note Title from web page.
500 ## - GENERAL NOTE
General note Originally released as a motion picture in 2017.
500 ## - GENERAL NOTE
General note Wide screen.
500 ## - GENERAL NOTE
General note Special features: Everybird music video by Peter Gabriel.
511 1# - PARTICIPANT OR PERFORMER NOTE
Participant or performer note Alicia Vikander, Jeremy Irons, Jim Broadbent.
520 ## - SUMMARY, ETC.
Summary, etc Trapped in a village ruled by the meddling Kondor, Huppu the bird dreams of having the freedom to hatch her own egg. Suddenly, she, Kondor, and their friends are blasted to a distant land, and they must trust in a wise, eccentric bat to guide them on a strange, dazzling odyssey back to the tree they call home.
521 8# - TARGET AUDIENCE NOTE
Target audience note MPAA rating: PG; for thematic elements.
538 ## - SYSTEM DETAILS NOTE
System details note DVD, wide screen; Dolby digital 5.1.
546 ## - LANGUAGE NOTE
Language note English dialogue; Spanish subtitles; subtitled for the deaf and hard of hearing (SDH).
650 #0 - SUBJECT ADDED ENTRY--TOPICAL TERM
Topical term or geographic name as entry element Birds
Form subdivision Juvenile films.
9 (RLIN) 5762073
650 #0 - SUBJECT ADDED ENTRY--TOPICAL TERM
Topical term or geographic name as entry element Eggs
Form subdivision Juvenile films.
9 (RLIN) 6439328
655 #7 - INDEX TERM--GENRE/FORM
Genre/form data or focus term Feature films.
Source of term lcgft.
655 #7 - INDEX TERM--GENRE/FORM
Genre/form data or focus term Children's films.
Source of term lcgft.
655 #7 - INDEX TERM--GENRE/FORM
Genre/form data or focus term Animated films.
Source of term lcgft.
655 #7 - INDEX TERM--GENRE/FORM
Genre/form data or focus term Comedy films.
Source of term lcgft.
655 #7 - INDEX TERM--GENRE/FORM
Genre/form data or focus term Video recordings for the hearing impaired.
Source of term lcgft.
655 #0 - INDEX TERM--GENRE/FORM
Genre/form data or focus term DVD-Video discs.
700 1# - ADDED ENTRY--PERSONAL NAME
Personal name Šabanovic, Faruk,
Relator term film director,
-- screenwriter.
9 (RLIN) 6439329
700 1# - ADDED ENTRY--PERSONAL NAME
Personal name Hetreed, Olivia,
Relator term screenwriter.
9 (RLIN) 70713
700 1# - ADDED ENTRY--PERSONAL NAME
Personal name Cuhara, Adnan,
Relator term film producer.
9 (RLIN) 6439330
700 1# - ADDED ENTRY--PERSONAL NAME
Personal name Vikander, Alicia,
Dates associated with a name 1988-
Relator term voice actor.
9 (RLIN) 5928311
700 1# - ADDED ENTRY--PERSONAL NAME
Personal name Irons, Jeremy,
Dates associated with a name 1948-
Relator term voice actor.
9 (RLIN) 32146
700 1# - ADDED ENTRY--PERSONAL NAME
Personal name Broadbent, Jim,
Relator term voice actor.
9 (RLIN) 58928
710 2# - ADDED ENTRY--CORPORATE NAME
Corporate name or jurisdiction name as entry element Lions Gate Films (Santa Monica, Calif.),
Relator term publisher.
9 (RLIN) 6362752
907 ## - LOCAL DATA ELEMENT G, LDG (RLIN)
a .b46093515x
942 ## - ADDED ENTRY ELEMENTS (KOHA)
Source of classification or shelving scheme Dewey Decimal Classification
Koha item type DVD < 3 months old
Holdings
Withdrawn status Lost status Source of classification or shelving scheme Damaged status Not for loan Collection code Home library Current library Shelving location Date acquired Source of acquisition Total Checkouts Total Renewals Full call number Barcode Date last seen Date checked out Cost, replacement price Price effective from Koha item type
    Dewey Decimal Classification     Children Movies Wasatch County Library Wasatch County Library Audio Visual Area 02/15/2022 Micromarketing 8 9 E DVD Bir 34301001821547 01/23/2025 10/10/2023 14.98 02/15/2022 DVD
This project was made possible through a grant from the Institute of Museum and Library Service administered by the Utah State Library Division.

Wasatch County Library

  • 465 East 1200 South, Heber City, Utah 84032
  • Phone 435-654-1511 | Fax 435-654-6456

Hours

  • Monday - Friday 9:30 AM - 8:00 PM
  • Saturday 9:30 AM - 1:30 PM
  • Closed Sundays and Holidays